Statystyki dla 15 największych miast w województwie podkarpackim

Kliknij tutaj aby rozwiązać quiz!

Ogólne statystyki

  • Ten quiz został rozwiązany 49 razy
  • Średni wynik to 12 z 15

Statystyki odpowiedzi

MieszkańcyMiasto% Poprawnych
196 638Rzeszów
100%
45 944Krosno
93%
59 779Przemyśl
93%
36 999Sanok
91%
46 360Tarnobrzeg
91%
45 189Dębica
89%
59 623Stalowa Wola
89%
60 075Mielec
87%
37 073Jarosław
85%
34 542Jasło
83%
17 675Łańcut
78%
13 585Leżajsk
70%
15 105Przeworsk
67%
15 193Nisko
63%
15 864Ropczyce
54%

Rozkład punktacji

Percentyl według liczby udzielonych odpowiedzi

Procent ludzi z każdym wynikiem

Twoja historia wyników

Nie rozwiązałeś tego quizu